01284na a2200289 450000100060000000300080000600500170001400800410003102000150007203500100008704000250009708200410012211000450016322200270020824501890023524600450042424600820046926000600055130000410061150000570065250000640070965000500077365000410082365100470086465100450091165100380095614707MIRAKIL20181213155225.0160923b tu 000 0  a9751933382 a14707 aMilasbturcTR-AnCHP a304.6021 2000 TÜRKİYEbT95g 2003 aTürkiye İstatistik Kurumu (TÜİK) aGenel nüfus sayımı a2000 genel nüfus sayımıbnüfusun sosyal ve ekonomik nitelikleri = 2000 census of population : social and economic characteristics of populationcDevlet İstatistik Enstitüsü aNüfusun sosyal ve ekonomik nitelikleri a2000 census of population : social and economic characteristics of population aAnkarabDevlet İstatistik Enstitüsü (DİE)c2003 axv, 305, [12] s.bgrf., tbl.c29 sm. aMetinler Türkçe-İngilizce karşılıklıdır. aKurumun yeni adı: Türkiye İstatistik Kurumu (TÜİK) aSosyo ekonomik göstergelerx2000zTürkiye aNüfus sayımlarıx2000zTürkiye aTürkiyexEkonomik durumyİstatistikler aTürkiyexSosyal durumyİstatistikler aTürkiyexNüfus sayımı, 2000